Riconosci il Pokémon - Quiz n°478 - Statistics

Statistiche generali
  • Questo quiz è stato fatto 0 volte
  • Il punteggio medio è 0 su 10
Statistiche sulle risposte
Indizio Risposta % Corretto
Peso 135 kg
0%
Altezza 2,2 m
0%
Sesso 50% ♂, 50% ♀
0%
Tasso di cattura 60 (14.8%)
0%
Tipo Acqua / Spettro
0%
Abilità Assorbacqua; Corpofunesto; Umidità
0%
Pokémon Jellicent
0%
Tasso di allevamento Medio-Veloce
0%
Stadio evoluzione Prima evoluzione
0%
Generazione Quinta
0%
Nessun quiz corrispondente trovato
Distribuzione punteggi
Percentuale di utenti per punteggio
Percentile per numero di risposta
I tuoi punteggi nel tempo
Non hai fatto questo quiz